Mezinárodní účetní standardy Úplný text k 1. listopadu 1994
Gespeichert in:
| Weitere Verfasser: | |
|---|---|
| Format: | Buch |
| Sprache: | Tschechisch |
| Veröffentlicht: |
Praha
AmiCom
1994
|
| Ausgabe: | 1. vyd. |
| Schlagworte: | |
| Tags: |
Keine Tags, Fügen Sie das erste Tag hinzu!
|
MARC
| LEADER | 00000nam a2200000 4500 | ||
|---|---|---|---|
| 001 | c012889 | ||
| 005 | 20221214075337.6 | ||
| 020 | |a 80-901847-0-7 | ||
| 041 | 0 | |a cze | |
| 044 | |a CZ | ||
| 245 | 1 | 0 | |a Mezinárodní účetní standardy |b Úplný text k 1. listopadu 1994 |c Edit. Peter J. Bjacek ; [Z angl. prel.] Peter J. Bjacek |
| 250 | |a 1. vyd. | ||
| 264 | 1 | |a Praha |b AmiCom |c 1994 | |
| 300 | |a [400] s. | ||
| 610 | 2 | 0 | |a účtovníctvo |
| 610 | 2 | 0 | |a výkazy účtovné konsolidované |
| 610 | 2 | 0 | |a štandardizácia |
| 610 | 2 | 0 | |a účtovanie |
| 700 | 1 | |a Bjacek, Peter J. | |
| 700 | 1 | |a Bjacek, Peter J. | |